The Word of Sufism/ (Record no. 174843)

MARC details
000 -LEADER
fixed length control field 00581nam a22001937a 4500
005 - DATE AND TIME OF LATEST TRANSACTION
control field 20200715123303.0
010 ## - LCCN (DPL NO)
LC control number ENG-128272
020 ## - INTERNATIONAL STANDARD BOOK NUMBER
Terms of availability 1200.00
International Standard Book Number 9788183244749
035 ## - SYSTEM CONTROL NUMBER
System control number EN-111804
037 ## - SOURCE OF ACQUISITION
Source of stock number/acquisition DBAD/PUB
082 ## - DEWEY DECIMAL CLASSIFICATION NUMBER
Classification number 297.4
100 ## - MAIN ENTRY--PERSONAL NAME
Personal name Muhammad Isar Ahmad
245 ## - TITLE STATEMENT
Title The Word of Sufism/
Statement of responsibility, etc by Muhammad Isar Ahmad
260 ## - PUBLICATION, DISTRIBUTION, ETC. (IMPRINT)
Place of publication, distribution, etc New Delhi
Name of publisher, distributor, etc Mittal Publication
Date of publication, distribution, etc 2014
270 ## - ADDRESS
Address 4594/9,Daryaganj
City New Delhi
Postal code 110002
300 ## - PHYSICAL DESCRIPTION
Extent vii;332p.
Dimensions 24cm(hb)
500 ## - GENERAL NOTE
General note includes bibliographical references and index
942 ## - ADDED ENTRY ELEMENTS (KOHA)
Source of classification or shelving scheme Dewey Decimal Classification
Item type English Books
Classification part 297.4
Call number suffix MUH
Holdings
Withdrawn status Lost status Not for loan Collection code Home library Current library Date acquired Source of acquisition Cost, normal purchase price Full call number Barcode Copy number Cost, replacement price Koha item type
      Non-fiction Ashok Vihar Ashok Vihar 15/07/2020 DBAD/PUB 1200.00 297.4 MUH EN-111804 1 1200.00 English Books

© Delhi Public Library
Hit Counter
free hit counter